La estructura como arquitectura, formas, detalles y simbolismo.

Bibliographic Details
Main Author: Charleson, Andrew
Format: Section = Libro
Language:Undetermined
Spanish
Published: Barcelona Reverté 2007
Subjects:
LEADER 00632nam a2200217Ia 4500
008 240829s9999 xx 000 0 und d
020 |a 978-84-291-2111 
040 |a BIBLIOTECA-RUSB/ 721 Ch477 
041 |a spa 
082 |a 721 Ch477 
100 1 |a Charleson, Andrew 
245 1 0 |a La estructura como arquitectura, formas, detalles y simbolismo. 
260 |a Barcelona  |b Reverté  |c 2007 
300 |a 259 p. :il. 
650 7 |a CONSTRUCCIÓN - CALCULO Y TECNICA 
650 7 |b  DISEÑO ARQUITECTÓNICO 
650 7 |c  DISEÑO DE ESTRUCTURAS 
650 7 |d  TEORÍA DE LAS ESTRUCTURAS 
942 |c BK  |2 ddc 
991 |a TEXTO 
999 |c 5101